Mathe: Ziehe die Wurzel - Statistiken

Allgemein
  • Dieses Quiz wurde 735 mal gespielt
  • Das Durchschnittsergebnis liegt bei 20 aus 31
Antwortstatistiken
Zahl Wurzel % Korrekt
81 9
100%
400 20
97%
121 11
96%
64 8
96%
4 2
93%
1 1
81%
36 6
81%
100 10
80%
196 14
79%
324 18
79%
289 17
73%
169 13
71%
361 19
70%
16 4
69%
49 7
69%
256 16
68%
9 3
67%
25 5
67%
576 24
66%
144 12
57%
225 15
55%
900 30
54%
441 21
51%
676 26
51%
841 29
43%
625 25
42%
729 27
39%
529 23
36%
484 22
27%
784 28
27%
961 31
24%
Keine übereinstimmenden Quizze gefunden
Verteilung der Resultate
Anzahl Personen mit jedem Resultat
Perzentil nach korrekt beantworteten Fragen
Ihre Resultats-Entwicklung
Sie haben dieses Quiz noch nicht gespielt